000 00577nam a2200205Ia 4500
005 20260429111905.0
008 260429s9999||||xx |||||||||||||| ||und||
020 _a9780367780265
041 _aEnglish
082 _a664.001579
_bPAR
100 _aParamithiotis, Spiros
245 0 _aFood molecular microbiology /
_cSpiros Paramithiotis
260 _aBoca Raton :
_bCRC Press,
_c2020.
300 _ax, 252 p.; pbk
440 _aFood biology series
650 _a Molecular microbiology
650 _aFood microbiology
700 _a Patra, Jayanta Kumar
942 _cTB
999 _c51298
_d51298